| 000 | 00522nam a2200193Ia 4500 | ||
|---|---|---|---|
| 003 | OSt | ||
| 005 | 20250110101238.0 | ||
| 008 | 210210b1972 xxu||||| |||| 00| 0 eng d | ||
| 040 | _cAL | ||
| 041 | _aKannada | ||
| 082 | _aK894.3 ARYD | ||
| 100 |
_aARYAMBA PATTABHI. _dಆರ್ಯಾಂಬಾ ಪಟ್ಟಾಭಿ _9192938 |
||
| 245 |
_aDevamanava. _bದೇವಮಾನವ. |
||
| 260 |
_aBengaluru _bPrakasha Sahitya _c1972 |
||
| 300 | _a192 | ||
| 690 |
_aKannada Fiction _9192939 |
||
| 906 | _a031313 | ||
| 942 |
_2ddc _cBK |
||
| 999 |
_c82431 _d82431 |
||